000 00266nam a22001097a 4500
008 241121b |||||||| |||| 00| 0 eng d
100 _aNIIT
245 _aWeb Page Authoring :
_bStudent Guide
260 _aIndia :
_bNIIT Limited,
300 _c24 Cm.
942 _2ddc
999 _c10088
_d10089